Dạy lớp 4 theo chương trình tiểu học mới Tài liệu bồi dưỡng giáo viên

Đã lưu trong:
Chi tiết về thư mục
Định dạng: Sách
Ngôn ngữ:Vietnamese
Được phát hành: H. Nxb. Đại học sư phạm 2007
Loạt:Dự án phát triển giáo viên tiểu học Bộ Giáo dục và đào tạo
Những chủ đề:
Các nhãn: Thêm thẻ
Không có thẻ, Là người đầu tiên thẻ bản ghi này!
Thư viện lưu trữ: Mạng thư viện Đại học Đà Nẵng
LEADER 01080nam a2200313 4500
001 000006462
003 2618
005 20110912110914.0
008 110912s2007 viesd
041 0 |a vie 
082 |a 372.19  |b Day 
245 0 |a Dạy lớp 4 theo chương trình tiểu học mới  |b Tài liệu bồi dưỡng giáo viên 
260 |a H.  |b Nxb. Đại học sư phạm  |c 2007 
300 |a 344 tr.  |c 29 cm 
490 |a Dự án phát triển giáo viên tiểu học  |a Bộ Giáo dục và đào tạo 
653 |a Tiểu học 
653 |a dạy học 
653 |a lớp 5 
910 |a Minh  |d 12/9/2011 
OWN |a LSP 
AVA |a UDN50  |b LSP  |d 372.19 Day  |e available  |t Error 5001 Not defined in file expand_doc_bib_avail.  |f 5  |g 0  |h N  |i 0  |k 1 
999 |a From the UDN01 
AVA |a UDN50  |b LSP  |d 372.19 Day  |e available  |t Error 5001 Not defined in file expand_doc_bib_avail.  |f 5  |g 0  |h N  |i 0  |k 1 
TYP |a Monograph 
TYP |a Printed language 
980 |a Mạng thư viện Đại học Đà Nẵng